Statistiques concernant Berceaux de la Civilisation

Cliquez ici pour prendre le quiz!

Statistiques générales

  • Ce quiz a été pris 9 215 fois
  • Le résultat moyen est 3 sur 6

Statistiques - réponses

Réponse% Correct
Mésopotamie
85%
Chine
63%
Egypte
62%
Vallée de l'Indus
46%
Mésoamérique
35%
Andes centrales
21%

Distribution des résultats

Percentile par nombre de réponses

% des personnes avec chaque résultat

Votre développement - résultats

Vous n’avez pas pris ce quiz